Benin : First Review Under the Three-Year Arrangement Under the Extended Credit Facility, Request for Waiver of Nonobservance of Performance Criterion, Request for Program Extension and Rephasing of Performance Criteria - Staff Report; Press Release; and Statement by the Executive Director for Benin.

Performance under the Extended Credit Facility (ECF) program has been mixed. The revenue slippage was addressed partially with corrective actions. IMF staff supports the authorities' request for a waiver of a missed performance criterion and recommends the completion of the first review. The co...

Πλήρης περιγραφή

Λεπτομέρειες βιβλιογραφικής εγγραφής
Συγγραφή απο Οργανισμό/Αρχή: International Monetary Fund
Μορφή: Επιστημονικό περιοδικό
Γλώσσα:English
Έκδοση: Washington, D.C. : International Monetary Fund, 2011.
Σειρά:IMF Staff Country Reports; Country Report ; No. 2011/060
Διαθέσιμο Online:Full text available on IMF
LEADER 01890cas a2200241 a 4500
001 AALejournalIMF007066
008 230101c9999 xx r poo 0 0eng d
020 |c 5.00 USD 
020 |z 9781455220014 
022 |a 1934-7685 
040 |a BD-DhAAL  |c BD-DhAAL 
110 2 |a International Monetary Fund. 
245 1 0 |a Benin :   |b First Review Under the Three-Year Arrangement Under the Extended Credit Facility, Request for Waiver of Nonobservance of Performance Criterion, Request for Program Extension and Rephasing of Performance Criteria - Staff Report; Press Release; and Statement by the Executive Director for Benin. 
264 1 |a Washington, D.C. :  |b International Monetary Fund,  |c 2011. 
300 |a 1 online resource (65 pages) 
490 1 |a IMF Staff Country Reports 
500 |a <strong>Off-Campus Access:</strong> No User ID or Password Required 
500 |a <strong>On-Campus Access:</strong> No User ID or Password Required 
506 |a Electronic access restricted to authorized BRAC University faculty, staff and students 
520 3 |a Performance under the Extended Credit Facility (ECF) program has been mixed. The revenue slippage was addressed partially with corrective actions. IMF staff supports the authorities' request for a waiver of a missed performance criterion and recommends the completion of the first review. The collapse of a number of unauthorized microfinance institutions has not had a measurable impact on the financial sector. Ex post assessment of performance under the 2005-09 poverty reduction and growth facility program highlighted progress in macroeconomic stabilization but weaknesses in growth performance. 
538 |a Mode of access: Internet 
830 0 |a IMF Staff Country Reports; Country Report ;  |v No. 2011/060 
856 4 0 |z Full text available on IMF  |u http://elibrary.imf.org/view/journals/002/2011/060/002.2011.issue-060-en.xml  |z IMF e-Library